[Event "zt 2.5"]
[Site "Asuncion PAR"]
[Date "2003.09.17"]
[Round "4"]
[White "Mahia,G"]
[Black "Vasquez,R"]
[Result "1-0"]
[WhiteElo "2377"]
[BlackElo "2514"]

1.e4 c5 2.Nf3 d6 3.d4 cxd4 4.Nxd4 Nf6 5.Nc3 a6 6.Be3 Nc6 7.f3 e6 8.Qd2 Be7
9.O-O-O O-O 10.g4 Nxd4 11.Qxd4 b5 12.g5 Nd7 13.h4 Rb8 14.Kb1 Qc7 15.h5 b4
16.Ne2 Nc5 17.Nc1 e5 18.Qd2 Be6 19.Bh3 Na4 20.Nb3 Qd7 21.Qg2 f5 22.gxf6 Bxf6
23.Bxe6+ Qxe6 24.Qe2 Rb5 25.Rhg1 Rc8 26.Rd3 Nb6 27.Rgd1 Nc4 28.Bc1 Rb7 29.Nd2 Rbc7
30.Nf1 Rc6 31.b3 Nb6 32.Ne3 Bg5 33.Nf5 Rxc2 34.Qxc2 Rxc2 35.Bxg5 d5 36.Kxc2 d4
37.Kb2 g6 38.Ne7+ Kg7 39.hxg6 hxg6 40.Rh1 Qd6 41.Rh6 Qc5 42.Rxg6+ Kf7 43.Rc6 Qb5
44.Rd2 a5 45.Rf6+ Ke8 46.Nf5 Qa6 47.Rc2 a4 48.Ng7+ Kd7 49.Rf7+  1-0

[Event "Saipa Cup"]
[Site "Tehran IRI"]
[Date "2003.09.21"]
[Round "9"]
[White "Guliev,L"]
[Black "Ardeshi,M"]
[Result "0-1"]
[WhiteElo "2369"]
[BlackElo "2339"]

1.e4 c5 2.Nf3 d6 3.d4 cxd4 4.Nxd4 Nf6 5.Nc3 a6 6.Be3 e5 7.Nf3 Be7 8.Bc4 O-O
9.O-O Be6 10.Bb3 Nc6 11.h3 Na5 12.Qd3 Nxb3 13.axb3 h6 14.Rfe1 Qc7 15.Nd2 Rac8
16.Rac1 Qc6 17.f3 Rfd8 18.Nf1 d5 19.exd5 Nxd5 20.Nxd5 Rxd5 21.Qe2 Bb4 22.Red1 Rcd8
23.c4 Rxd1 24.Rxd1 Rxd1 25.Qxd1 b5 26.cxb5 Qxb5 27.Bf2 Ba5 28.Qc2 Bxb3 29.Qc8+ Kh7
30.Qf5+ g6 31.Qe4 Be6 32.Be3 Qxb2 33.Qh4 Bb6 34.Qxh6+ Kg8 35.Bxb6 Qxb6+ 36.Kh2 Qd4
37.Ng3 Qf4 38.Qxf4 exf4 39.Ne2 Bc4 40.Nd4 Kf8 41.Kg1 Ke7 42.Kf2 Kd6 43.g3 Kc5
44.Nc2 Bd3 45.Ne1 fxg3+ 46.Kxg3 Kd4  0-1

[Event "1st ch-Mediterranean"]
[Site "Beruit LIB"]
[Date "2003.09.27"]
[Round "2"]
[White "Bengherabi,K"]
[Black "Collas,D"]
[Result "0-1"]
[WhiteElo "2170"]
[BlackElo "2437"]

1.e4 c5 2.Nf3 d6 3.d4 Nf6 4.Nc3 cxd4 5.Nxd4 a6 6.Be3 e6 7.g3 b5 8.a3 Bb7
9.Bg2 Nbd7 10.O-O Rc8 11.Qe2 Qc7 12.g4 h6 13.Rad1 Qc4 14.Qxc4 Rxc4 15.h3 g5
16.Rd2 Rc8 17.Nb3 Ba8 18.f4 Be7 19.fxg5 hxg5 20.Bxg5 Nxe4 21.Nxe4 Bxe4 22.Bxe4 Bxg5
23.Rxd6 Ne5 24.Rxa6 Rxh3 25.Nd4 Be3+ 26.Kg2 Rh4 27.Nxb5 Rxg4+ 28.Kh3 Ke7
29.Rxf7+ Kxf7 30.Nd6+ Kf6 31.Nxc8 Bf2 32.Bb7 Rg3+ 33.Kh4 Rf3+  0-1

[Event "Tatry Open"]
[Site "Tatranske Zruby SVK"]
[Date "2003.09.27"]
[Round "1"]
[White "Matocha,P"]
[Black "Havlicek,L2"]
[Result "0-1"]
[WhiteElo "1998"]
[BlackElo "2280"]

1.e4 c5 2.Nf3 d6 3.d4 cxd4 4.Nxd4 Nf6 5.Nc3 a6 6.Be3 Ng4 7.Bg5 h6 8.Bh4 g5
9.Bg3 Bg7 10.Be2 Ne5 11.O-O Nbc6 12.Nxc6 bxc6 13.f4 gxf4 14.Rxf4 Ng6 15.Rf2 Be6
16.Kh1 Qa5 17.Rb1 Rb8 18.a3 O-O 19.b4 Qxa3 20.Rf3 Bxc3 21.Be1 Rxb4 22.Bxc3 Rxb1
23.Qxb1 Qa4 24.Bd3 Qa3 25.Bd2 Qa2 26.Qe1 Rb8 27.Qg3 Rb1+ 28.Be1 Qa1 29.Rf1 Qe5
30.Qf2 a5 31.c4 Rb2 32.Bd2 a4 33.Qe1 Rb3 34.Bc2 Rb8 35.Bxa4 Bxc4 36.Rf5 Qd4
37.h3 Bd3 38.Qg3 Rb1+ 39.Kh2 Qg1+  0-1

[Event "ch-HUN w"]
[Site "Budapest HUN"]
[Date "2003.09.28"]
[Round "8"]
[White "Medvegy,N"]
[Black "Gara,T"]
[Result "1-0"]
[WhiteElo "2354"]
[BlackElo "2249"]

1.e4 c5 2.Nf3 d6 3.d4 cxd4 4.Nxd4 Nf6 5.Nc3 a6 6.Be3 e6 7.Qd2 b5 8.f3 Nbd7
9.g4 Nb6 10.O-O-O Bb7 11.Kb1 Rc8 12.Bd3 Nfd7 13.g5 Ne5 14.f4 Nec4 15.Bxc4 Nxc4
16.Qd3 b4 17.Nce2 Nxe3 18.Qxe3 Be7 19.h4 Qb6 20.Qd3 a5 21.h5 Qa6 22.Qe3 e5
23.Nf5 Qc4 24.Neg3 Qxc2+ 25.Ka1 Qc5 26.Qb3 Qc2 27.Nxe7 Qxb3 28.axb3 Kxe7
29.Nf5+ Kf8 30.Nxd6 Ke7 31.Nxb7 exf4 32.Rd5 Rc7 33.Re5+ Kd7 34.Rd1+ Kc8 35.Nd6+ Kb8
36.Rb5+ Ka7 37.Rxa5+ Kb6 38.Rb5+ Ka6 39.Rxb4 f3 40.Rf1  1-0

[Event "Osen II"]
[Site "Alushta UKR"]
[Date "2003.09.29"]
[Round "4"]
[White "Kovalev,A"]
[Black "Pavlov,Ma"]
[Result "0-1"]
[WhiteElo "2554"]
[BlackElo "2443"]

1.e4 c5 2.Nf3 d6 3.d4 cxd4 4.Nxd4 Nf6 5.Nc3 a6 6.Be3 e6 7.Be2 Nc6 8.O-O Bd7
9.f4 Qc7 10.g4 Nxd4 11.Qxd4 Bc6 12.g5 Nd7 13.Rad1 b5 14.Bh5 Qb7 15.f5 e5
16.Qd3 Rc8 17.Rf2 Nc5 18.Bxc5 dxc5 19.Qg3 Qb8 20.f6 g6 21.Bg4 Rd8 22.Rxd8+ Kxd8
23.Rd2+ Ke8 24.Qd3 c4 25.Bd7+ Kd8 26.Qh3 Qa7+ 27.Kg2 Bxd7 28.Qg3 Bb4 29.Qxe5 Re8
30.Qd5 Re6 31.e5 Kc8 32.Kf1 Ba5 33.Qe4 Bc6 34.Qf4 Qc5 35.Re2 Bxc3 36.bxc3 Qd5
37.Ke1 Qf3 38.Qd4 Re8  0-1

[Event "Osen II"]
[Site "Alushta UKR"]
[Date "2003.10.01"]
[Round "7"]
[White "Pavlov,Ma"]
[Black "Shtyrenkov,V"]
[Result "1/2-1/2"]
[WhiteElo "2443"]
[BlackElo "2514"]

1.e4 c5 2.Nf3 d6 3.d4 cxd4 4.Nxd4 Nf6 5.Nc3 a6 6.Be3 e5 7.Nb3 Be6 8.Qd2 Nbd7
9.f3 Be7 10.g4 Nb6 11.g5 Nh5 12.O-O-O Rc8 13.Rg1 O-O 14.Kb1 g6 15.Qf2 Nc4
16.Bxc4 Bxc4 17.Na4 Be6 18.Nb6 Rc7 19.h4 Qe8 20.Nd5 Bxd5 21.Rxd5 f6 22.Qg2 fxg5
23.hxg5 Qf7 24.Nd2  1/2-1/2

[Event "Osen II"]
[Site "Alushta UKR"]
[Date "2003.10.01"]
[Round "7"]
[White "Muromtsev,A"]
[Black "Kovalev,A"]
[Result "0-1"]
[WhiteElo "2315"]
[BlackElo "2554"]

1.e4 c5 2.Nf3 d6 3.d4 Nf6 4.Nc3 cxd4 5.Nxd4 a6 6.Be3 e5 7.Nb3 Be6 8.f3 Nbd7
9.Qd2 Nb6 10.g4 Rc8 11.O-O-O Be7 12.h4 h5 13.gxh5 Nxh5 14.Qf2 Rxc3 15.bxc3 Na4
16.Bd2 Qc7 17.Bh3 Bxh3 18.Rxh3 Nxc3 19.Bxc3 Qxc3 20.Qa7 Qc8 21.Rh2 O-O 22.Rg1 Qc3
23.Rd2 d5 24.Rd3 Ba3+ 25.Kd1 Qb2 26.Rd2 Nf4 27.Ke1 Bb4 28.Qb6 Bxd2+ 29.Kxd2 Rc8  0-1

[Event "7th Itau Cup"]
[Site "Sao Paulo BRA"]
[Date "2003.10.05"]
[Round "9"]
[White "Bittencourt,J"]
[Black "Olivencia,F"]
[Result "1-0"]
[WhiteElo "2330"]
[BlackElo "2223"]

1.e4 c5 2.Nf3 d6 3.d4 cxd4 4.Nxd4 Nf6 5.Nc3 a6 6.Be3 e5 7.Nf3 Be7 8.Bc4 Be6
9.Bxe6 fxe6 10.Ng5 Qd7 11.Qf3 d5 12.exd5 exd5 13.O-O-O d4 14.Nce4 O-O 15.Bd2 Nxe4
16.Qb3+ Kh8 17.Nxe4 Nc6 18.f3 a5 19.a3 b5 20.Qxb5 Rfb8 21.Qa4 Qd5 22.c4 Qe6
23.Kb1 Ra7 24.Bc1 Rab7 25.Rd3 h6 26.h4 Bb4 27.axb4 Rxb4 28.Qa2 Rxc4 29.Bd2 Rbb4
30.Bxb4 Nxb4 31.Qb3 a4 32.Qa3 Nxd3 33.Qxd3 Rb4 34.Rc1 Rb3 35.Qc4 Qxc4 36.Rxc4 a3
37.Rc2 axb2 38.Rxb2 Re3 39.h5 Kg8 40.Kc2 Kf7 41.Rb7+ Ke6 42.Rxg7 Kd5 43.Kd2 Ra3
44.Ke2 Re3+ 45.Kf2 Ra3 46.Rg6 Ra2+ 47.Kg3 Rb2 48.Rxh6 d3 49.Rd6+ Kc4 50.h6  1-0

[Event "Artic Cup u16"]
[Site "Salekhard RUS"]
[Date "2003.10.06"]
[Round "2"]
[White "Muhren,B"]
[Black "Lupik,M"]
[Result "1-0"]
[WhiteElo "2131"]
[BlackElo "2101"]

1.e4 c5 2.Nf3 d6 3.d4 cxd4 4.Nxd4 Nf6 5.Nc3 a6 6.Be3 Ng4 7.Bg5 h6 8.Bh4 g5
9.Bg3 Bg7 10.h3 Ne5 11.Nf5 Bxf5 12.exf5 Nbc6 13.Nd5 Qa5+ 14.Qd2 Qxd2+ 15.Kxd2 Rc8
16.c3 Na5 17.Kc2 b5 18.a4 Nac4 19.axb5 e6 20.f6 Bf8 21.Nb4 axb5 22.b3 Nb6
23.Bxb5+ Ned7 24.Ra7 d5 25.Nc6 Nxf6 26.Ne5+  1-0

[Event "zt 2.3"]
[Site "Guayaquil ECU"]
[Date "2003.10.07"]
[Round "3"]
[White "Delgado Kuffo,A"]
[Black "Dominguez,L"]
[Result "0-1"]
[WhiteElo "2372"]
[BlackElo "2607"]

1.e4 c5 2.Nf3 d6 3.d4 cxd4 4.Nxd4 Nf6 5.Nc3 a6 6.Be3 e6 7.f3 b5 8.Qd2 Nbd7
9.O-O-O Bb7 10.g4 Nb6 11.g5 Nfd7 12.Bd3 Rc8 13.Kb1 Ne5 14.f4 Nec4 15.Qf2 Nxe3
16.Qxe3 Be7 17.Rhg1 Qc7 18.Qh3 g6 19.f5 e5 20.Nf3 Qc5 21.fxg6 fxg6 22.Nd5 Nxd5
23.exd5 O-O 24.Be4 Rc7 25.Qh6 Rf4 26.Bxg6 Bf8 27.Bxh7+ Rxh7 28.Qe6+ Kh8 29.Nxe5 Rf2
30.Nd3 Qxc2+ 31.Ka1 Bg7 32.Qe8+ Rf8 33.Qe4 Bxb2+  0-1

[Event "zt 2.3"]
[Site "Guayaquil ECU"]
[Date "2003.10.10"]
[Round "8"]
[White "Delgado Kuffo,A"]
[Black "Mendoza,Raf"]
[Result "1/2-1/2"]
[WhiteElo "2372"]
[BlackElo "2382"]

1.e4 c5 2.Nf3 d6 3.d4 cxd4 4.Nxd4 Nf6 5.Nc3 a6 6.Be3 e5 7.Nb3 Be6 8.f3 Be7
9.Qd2 O-O 10.O-O-O Qc7 11.g4 Rc8 12.g5 Nh5 13.h4 Ng3 14.Rg1 Nxf1 15.Rdxf1 Nd7
16.h5 g6 17.Rf2 b5 18.Rh1 Nf8 19.hxg6 fxg6 20.f4 Qc4 21.Na5 Qb4 22.Bb6 Rxc3
23.Qxc3 Qxc3 24.bxc3 exf4 25.Rg1 Rc8 26.Kb2 Bd7 27.Rxf4 Ne6 28.Rfg4 Nc5 29.Bxc5 Bxg4
30.Bb4 Bf3 31.Rg3 Bh1 32.Rh3 Bg2 33.Rg3 Bh1  1/2-1/2

[Event "YM"]
[Site "Zug SUI"]
[Date "2003.10.11"]
[Round "5"]
[White "Szelag,M"]
[Black "Bromberger,S"]
[Result "1/2-1/2"]
[WhiteElo "2390"]
[BlackElo "2448"]

1.e4 c5 2.Nf3 d6 3.d4 cxd4 4.Nxd4 Nf6 5.Nc3 a6 6.Be3 Ng4 7.Bg5 h6 8.Bh4 g5
9.Bg3 Bg7 10.Be2 h5 11.Bxg4 hxg4 12.O-O e6 13.Qd2 Nd7 14.Rad1 Ne5 15.Nde2 b5
16.b3 Bb7 17.Qxd6 Qxd6 18.Rxd6 Nd7 19.Rfd1 O-O-O 20.Nd4 Ne5 21.Ndxb5 axb5
22.Nxb5 Bxe4 23.Na7+ Kc7 24.Nb5+ Kc8 25.Na7+ Kc7  1/2-1/2

[Event "FSGM October"]
[Site "Budapest HUN"]
[Date "2003.10.12"]
[Round "9"]
[White "Schneider,Dm"]
[Black "Szeberenyi,A"]
[Result "1/2-1/2"]
[WhiteElo "2437"]
[BlackElo "2417"]

1.e4 c5 2.Nf3 d6 3.d4 cxd4 4.Nxd4 Nf6 5.Nc3 a6 6.Be3 e5 7.Nb3 Be6 8.f3 Nbd7
9.Qd2 b5 10.g4 Nb6 11.g5 Nfd7 12.Nd5 Rc8 13.O-O-O Bxd5 14.exd5 Nc4 15.Qf2 Be7
16.h4 Nxe3 17.Qxe3 h6 18.gxh6 Rxh6 19.Kb1 Bxh4 20.Qe4 Nf6 21.Qb4 Bg5 22.Rxh6 Bxh6
23.a4 Qc7 24.c3 bxa4 25.Qxa4+ Kf8 26.Qxa6  1/2-1/2

[Event "1st Israel Int Op"]
[Site "Ashdod ISR"]
[Date "2003.10.14"]
[Round "4"]
[White "Chekhov,V"]
[Black "Greenfeld,A"]
[Result "1-0"]
[WhiteElo "2464"]
[BlackElo "2527"]

1.e4 c5 2.Nc3 a6 3.Nf3 d6 4.d4 cxd4 5.Nxd4 Nf6 6.Be3 e5 7.Nb3 Be6 8.Qd2 Nbd7
9.f3 Be7 10.g4 O-O 11.O-O-O Rc8 12.Kb1 Nb6 13.g5 Nh5 14.Rg1 Qc7 15.Qf2 Nc4
16.Bxc4 Qxc4 17.Nd5 Bxd5 18.Rxd5 f5 19.gxf6 Nxf6 20.Qg2 Rf7 21.Rd3 Qe6 22.Rgd1 Rcf8
23.Bg5 Kh8 24.a3 h6 25.Bxf6 Rxf6 26.Na5 Rg6 27.Qf1 b5 28.Nc6 Rgf6 29.Qe2 Qf7
30.Qd2 Kh7 31.Nxe7 Qxe7 32.Rxd6 Rxf3 33.Rxa6 Rf2 34.Qd3 Qc7 35.Rc1 Rxh2 36.Qxb5 Rb8
37.Rc6 Rxb5 38.Rxc7 Rg2 39.b4 Rb6 40.Kb2 h5 41.Rh1 Rh6 42.a4 h4 43.a5 h3
44.b5 Rg4 45.b6 Rxe4 46.Kb3 Rd4 47.b7  1-0

[Event "YM"]
[Site "Zug SUI"]
[Date "2003.10.14"]
[Round "8"]
[White "Bromberger,S"]
[Black "Papa,S"]
[Result "1-0"]
[WhiteElo "2448"]
[BlackElo "2401"]

1.e4 c5 2.Nf3 d6 3.d4 cxd4 4.Nxd4 Nf6 5.Nc3 a6 6.Be3 e6 7.g4 b5 8.f3 Nfd7
9.Qd2 Nb6 10.O-O-O Bb7 11.Nb3 Nc6 12.Qf2 Nd7 13.h4 Qc7 14.Kb1 Nce5 15.g5 Rb8
16.a3 Ba8 17.h5 Nc5 18.Bd4 b4 19.axb4 Rxb4 20.Bxc5 dxc5 21.Bxa6 Bc6 22.f4 Nd7
23.Qe2 Qxf4 24.Nd5 Qxe4 25.Nxb4 Qxb4 26.Bc4 Be7 27.Bxe6 fxe6 28.Qxe6 Qe4
29.Rhe1  1-0

[Event "Femida Open"]
[Site "Kharkov UKR"]
[Date "2003.10.16"]
[Round "8"]
[White "Breslavska,G"]
[Black "Mamonova,Y"]
[Result "1-0"]
[WhiteElo "2137"]
[BlackElo "2143"]

1.e4 c5 2.Nf3 d6 3.d4 cxd4 4.Nxd4 Nf6 5.Nc3 a6 6.Be3 e5 7.Nb3 Be6 8.f3 Be7
9.Qd2 h5 10.Qf2 Nbd7 11.Rd1 b5 12.a3 Rc8 13.Be2 O-O 14.O-O Qc7 15.Rd2 Bc4
16.Kh1 Rfe8 17.g4 Bxe2 18.Rxe2 hxg4 19.fxg4 Qc4 20.Qg2 d5 21.g5 Nxe4 22.Na5 Qc7
23.Nxd5 Qxa5 24.Qxe4 Qd8 25.Qf5 Rf8 26.Rd2 Bd6 27.Nf6+ Nxf6 28.gxf6 Qxf6
29.Qxf6 gxf6 30.Rxd6 Rxc2 31.Rg1+  1-0

[Event "300 Years"]
[Site "St Petersburg RUS"]
[Date "2003.10.18"]
[Round "1"]
[White "Zaitsev,A2"]
[Black "Kovchan,A"]
[Result "0-1"]
[WhiteElo "2368"]
[BlackElo "2561"]

1.e4 c5 2.Nf3 d6 3.d4 cxd4 4.Nxd4 Nf6 5.Nc3 a6 6.Be3 e5 7.Nb3 Be6 8.f3 h5
9.Qd2 Nbd7 10.O-O-O Rc8 11.Kb1 b5 12.Nd5 Bxd5 13.exd5 Nb6 14.Bxb6 Qxb6 15.Bd3 g6
16.Rhe1 Bh6 17.Qa5 Nd7 18.Qb4 O-O 19.Qh4 Bg7 20.g4 hxg4 21.fxg4 Nf6 22.Nd2 Qd8
23.g5 Nxd5 24.Ne4 Nf4 25.Rf1 d5 26.Ng3 Qc7 27.Rxf4 exf4  0-1

[Event "EuTCh"]
[Site "Plovdiv BUL"]
[Date "2003.10.19"]
[Round "8"]
[White "Van den Doel,E"]
[Black "Stocek,J"]
[Result "1-0"]
[WhiteElo "2609"]
[BlackElo "2545"]

1.e4 c5 2.Nf3 d6 3.d4 cxd4 4.Nxd4 Nf6 5.Nc3 a6 6.Be3 e5 7.Nb3 Be6 8.f3 Nbd7
9.g4 b5 10.g5 b4 11.Ne2 Nh5 12.Qd2 h6 13.gxh6 g6 14.O-O-O a5 15.Kb1 Nhf6
16.Ned4 exd4 17.Nxd4 Qc7 18.Bb5 Bc4 19.Ba4 O-O-O 20.Nc6 Nb6 21.Bxb6 Qxb6
22.Nxd8 Kxd8 23.Qg5 Be7 24.e5 Nh5 25.Qg4 Be6 26.Qe4 Rxh6 27.Qa8+ Bc8 28.Rhe1 d5
29.Rxd5+ Kc7 30.Red1  1-0

[Event "300 Years"]
[Site "St Petersburg RUS"]
[Date "2003.10.19"]
[Round "2"]
[White "Melnikov,D"]
[Black "Solovjov,S"]
[Result "0-1"]
[WhiteElo "2263"]
[BlackElo "2434"]

1.e4 c5 2.Nf3 d6 3.d4 Nf6 4.Nc3 cxd4 5.Nxd4 a6 6.Be3 e6 7.f3 b5 8.Qd2 Bb7
9.g4 h6 10.O-O-O Nbd7 11.h4 b4 12.Na4 Qa5 13.b3 Nc5 14.a3 Nxa4 15.axb4 Qc7
16.bxa4 Nd7 17.Bh3 d5 18.g5 Qc4 19.g6 Bxb4 20.gxf7+ Ke7 21.Qd3 Qa2 22.Qb3 Qa1+
23.Qb1 Qa3+ 24.Qb2 Qxe3+ 25.Kb1 Qc3 26.Bxe6 Nc5 27.exd5 Rab8 28.Rhg1 Nxa4
29.Qxc3 Nxc3+ 30.Kc1 Nxd1 31.Kxd1 Bc5 32.Rg4 Bxd4 33.Rxd4 Bc8  0-1

[Event "300 Years"]
[Site "St Petersburg RUS"]
[Date "2003.10.20"]
[Round "3"]
[White "Zaitsev,A2"]
[Black "Loginov,Va"]
[Result "1/2-1/2"]
[WhiteElo "2368"]
[BlackElo "2524"]

1.e4 c5 2.Nf3 d6 3.d4 cxd4 4.Nxd4 Nf6 5.Nc3 a6 6.Be3 e5 7.Nb3 Be6 8.f3 Be7
9.Qd2 O-O 10.O-O-O Nbd7 11.g4 b5 12.g5 b4 13.Ne2 Ne8 14.f4 exf4 15.Bxf4 Nc5
16.Bg2 Nxb3+ 17.cxb3 a5 18.Kb1 a4 19.bxa4 Rxa4 20.b3 Ra6 21.Nd4 Bg4 22.Rc1 Qd7
23.Rc2 Nc7 24.Rhc1 Ne6 25.h3 Bh5 26.Be3 Bg6 27.Nc6 Rxc6 28.Rxc6 d5 29.h4 d4
30.R6c4 Rd8 31.Bg1 h6 32.Bh3 Bxe4+ 33.Kb2 hxg5 34.hxg5 Qb5 35.Bxe6 fxe6 36.Rxd4 Rxd4
37.Bxd4 Bxg5 38.Rc8+ Kh7 39.Qh2+ Bh6 40.Rc7 Kg8 41.Rc8+ Kh7 42.Rc7 Kg8 43.Rc8+  1/2-1/2

[Event "La Raza"]
[Site "Medellin COL"]
[Date "2003.10.21"]
[Round "11"]
[White "Uribe,M"]
[Black "Alzate,D"]
[Result "0-1"]
[WhiteElo "2387"]
[BlackElo "2420"]

1.e4 c5 2.Nf3 d6 3.d4 cxd4 4.Nxd4 Nf6 5.Nc3 a6 6.Be3 e6 7.Qf3 Nbd7 8.Be2 h5
9.h3 Qc7 10.O-O-O b5 11.g4 b4 12.Nb1 Bb7 13.Nd2 Nc5 14.Qg2 hxg4 15.hxg4 Rxh1
16.Qxh1 Nfxe4 17.Nxe4 Bxe4 18.f3 Bb7 19.Kb1 O-O-O 20.Qe1 e5 21.Nb3 a5  0-1

[Event "300 Years"]
[Site "St Petersburg RUS"]
[Date "2003.10.21"]
[Round "4"]
[White "Reutsky,S"]
[Black "Elfert,A"]
[Result "1-0"]
[WhiteElo "2341"]
[BlackElo "2161"]

1.e4 c5 2.Nf3 d6 3.d4 Nf6 4.Nc3 cxd4 5.Nxd4 a6 6.Be3 e5 7.Nb3 Be7 8.Be2 Be6
9.O-O Nbd7 10.f3 Qc7 11.a4 Rc8 12.a5 O-O 13.Kh1 Qc6 14.Nd2 d5 15.exd5 Bxd5
16.Nde4 Rfd8 17.Bd3 Bc4 18.Bxc4 Qxc4 19.Nd6 Bxd6 20.Qxd6 Rc6 21.Qd2 Rdc8
22.Rfd1 Nf8 23.Bb6 Qe6 24.Ra4 Qe8 25.Rb4 Qe7 26.Rb3 h6 27.Bd8 Qc5 28.Bxf6 gxf6
29.Rxb7 Kg7 30.Qe1 Qxa5 31.Rd5 Qxd5 32.Nxd5 Rxc2 33.Qg3+ Ng6 34.h4 R2c4 35.Rb4 Rc1+
36.Kh2 h5 37.Ne7 R8c7 38.Nf5+ Kh7 39.Rb6 Rb1 40.Rxf6 Rxb2 41.Qg5 Kg8 42.Qh6 Rxg2+
43.Kxg2 Nf4+ 44.Kg3 Rc2 45.Qg7+  1-0

[Event "300 Years"]
[Site "St Petersburg RUS"]
[Date "2003.10.22"]
[Round "5"]
[White "Amonatov,F"]
[Black "Belov,Vl"]
[Result "0-1"]
[WhiteElo "2557"]
[BlackElo "2553"]

1.e4 c5 2.Nf3 d6 3.d4 cxd4 4.Nxd4 Nf6 5.Nc3 a6 6.Be3 e6 7.g4 h5 8.g5 Ng4
9.Bc1 Qb6 10.h3 Ne5 11.Be2 g6 12.Nb3 Qc7 13.f4 Nec6 14.Be3 b5 15.Qd2 Be7
16.O-O-O O-O 17.f5 Re8 18.Rhf1 Ne5 19.a3 Nbc6 20.Bxh5 b4 21.axb4 Nxb4 22.Qe2 exf5
23.exf5 Bxf5 24.Nd4 Bd7 25.Bf3 Rab8 26.Nd5 Qa5 27.Nxb4 Rxb4 28.Kb1 Reb8 29.Nb3 Rxb3
30.Bd4 Rxb2+  0-1

[Event "300 Years"]
[Site "St Petersburg RUS"]
[Date "2003.10.22"]
[Round "5"]
[White "Kim,Alex"]
[Black "Areshchenko,A"]
[Result "1/2-1/2"]
[WhiteElo "2439"]
[BlackElo "2539"]

1.e4 c5 2.Nf3 d6 3.d4 cxd4 4.Nxd4 Nf6 5.Nc3 a6 6.Be3 e5 7.Nb3 Be6 8.f3 h5
9.Qd2 Nbd7 10.a4 Rc8 11.a5 Be7 12.Be2 O-O 13.O-O Nc5 14.Nxc5 dxc5 15.Na4 Qxd2
16.Bxd2 c4 17.Bc3 Nd7 18.Rfd1 Rc6 19.Rd2 Bg5 20.Rdd1 Be3+ 21.Kh1 Re8 22.Bf1 h4
23.Be1 g5 24.Nc3 Bd4 25.Ra4 Rec8 26.Nd5 Bxd5 27.exd5 Rc5 28.Bd2 b5 29.axb6 Nxb6
30.Rxa6 Nxd5 31.Bxg5 Bxb2 32.Bxc4 Rxc4 33.Rxd5 Rd4 34.Rdd6 h3 35.gxh3 Rxc2
36.h4 Rf2 37.Be3 Rxd6 38.Ra8+ Kg7  1/2-1/2

[Event "VII Taca BCX"]
[Site "Brasilia BRA"]
[Date "2003.10.23"]
[Round "6"]
[White "Pompeo,F"]
[Black "Rocha,T"]
[Result "1-0"]
[WhiteElo "1992"]
[BlackElo "2050"]

1.e4 c5 2.Nf3 d6 3.d4 cxd4 4.Nxd4 Nf6 5.Nc3 a6 6.Be3 e5 7.Nb3 Be6 8.f3 Qc7
9.Qd2 Nbd7 10.O-O-O Be7 11.g4 Nb6 12.h4 Nc4 13.Bxc4 Bxc4 14.h5 b5 15.g5 Nd7
16.g6 fxg6 17.hxg6 h6 18.Nd5 Bxd5 19.Qxd5 Rc8 20.Rh2 Qc4 21.Qd2 Nf6 22.Kb1 b4
23.Rc1 Qb5 24.c3 bxc3 25.Rxc3 O-O 26.Bxh6 Rxc3 27.bxc3 Qf1+ 28.Kb2 Qxf3 29.Bg5 Qxe4
30.Rh8+ Kxh8 31.Qh2+ Kg8 32.Bxf6 Qxg6 33.Bxe7 Rf1 34.Qd2 Qb1+ 35.Ka3 Rd1
36.Qg5 Rg1 37.Qh5 Qg6 38.Qe2 Qe6 39.Qf2 Rg6 40.Bh4 d5 41.Bg3 e4 42.Qe3 Qe7+
43.Kb2 Rf6 44.Bh4 Rf3 45.Qxf3 Qxh4 46.Qf5 Qh2+ 47.Kb1 Qh1+ 48.Kc2 Qg2+ 49.Nd2 e3
50.Qe6+ Kf8 51.Qxe3 g5 52.Qf3+ Qxf3 53.Nxf3 g4 54.Nh4 Ke7 55.Kd3 Kf6 56.Kd4 Kg5
57.Ng2 g3 58.Kxd5 Kg4 59.Ke4 Kg5 60.c4 Kf6 61.Kf4 Ke6 62.Kxg3 Ke5 63.Kf3 Kd4
64.Ne3 a5 65.a4 Kc5 66.Ke4 Kb4 67.Kd5 Kxa4 68.c5 Kb5 69.c6  1-0

[Event "Classics II GM"]
[Site "Gausdal NOR"]
[Date "2003.10.23"]
[Round "4"]
[White "Berg,E"]
[Black "Hutters,T"]
[Result "1/2-1/2"]
[WhiteElo "2489"]
[BlackElo "2418"]

1.e4 c5 2.Nf3 d6 3.d4 cxd4 4.Nxd4 Nf6 5.Nc3 a6 6.Be3 Ng4 7.Bg5 h6 8.Bh4 g5
9.Bg3 Bg7 10.Be2 h5 11.Nf5 Bxf5 12.exf5 Nh6 13.Bxh5 Nxf5 14.O-O Bxc3 15.bxc3 Nd7
16.Qd5 Rxh5 17.Qxf5 Nf6 18.Rfe1 Kf8 19.Rad1 Qd7 20.Qd3 g4 21.c4 Rc8 22.Qc3 Rf5
23.Rd4 Kg8 24.Qd3 Rh5 25.Re3 Rcc5 26.Qe2 e5 27.Rd2 Qe6 28.Red3 Rc6 29.Qe3 Qxc4
30.Rxd6 Rxd6 31.Rxd6 Qxc2  1/2-1/2

[Event "WYb14"]
[Site "Halkidiki GRE"]
[Date "2003.10.23"]
[Round "1"]
[White "Rohit,G"]
[Black "Stojic,D"]
[Result "1-0"]
[WhiteElo "2346"]
[BlackElo "2027"]

1.e4 c5 2.Nf3 d6 3.d4 cxd4 4.Nxd4 Nf6 5.Nc3 a6 6.Be3 e5 7.Nb3 Be6 8.Qd2 Be7
9.f3 Nbd7 10.O-O-O b5 11.Kb1 Nb6 12.Qf2 Rb8 13.Nc5 Bc8 14.g4 h6 15.Nb3 Be6
16.h4 b4 17.Ne2 Nc4 18.Ba7 Rb7 19.Nc5 Rb5 20.Nxe6 fxe6 21.Nd4 exd4 22.Bxc4 e5
23.g5 Rb7 24.Bxd4 exd4 25.Qxd4 Qb6 26.gxf6 Bxf6 27.Qxd6 Qxd6 28.Rxd6 a5 29.Ra6 Bd8
30.Rd1 Rb8 31.Ra7 Rf8 32.Rdd7 Rxf3 33.Rxg7  1-0

[Event "WYb14"]
[Site "Halkidiki GRE"]
[Date "2003.10.23"]
[Round "1"]
[White "Maenhout,T"]
[Black "Bindrich,F"]
[Result "1/2-1/2"]
[WhiteElo "1969"]
[BlackElo "2309"]

1.e4 c5 2.Nf3 d6 3.d4 cxd4 4.Nxd4 Nf6 5.Nc3 a6 6.Be3 e5 7.Nb3 Be6 8.f3 Nc6
9.Qd2 d5 10.exd5 Nxd5 11.Nxd5 Qxd5 12.Qxd5 Bxd5 13.O-O-O Nb4 14.Kb1 Be6 15.Bd3 Rc8
16.Be4 f5 17.Bxb7 Rxc2 18.Rc1 Rxg2 19.Bc8 Rg6 20.Bxe6 Rxe6 21.Rc8+ Kf7 22.Rd1 Rg8
23.a3 Nc6 24.Rc1 Ne7 25.R1c7 f4 26.Bf2 Rh6 27.Bc5 Re6 28.Bb4 g5 29.Nc5 Rgg6
30.Nxe6 Rxe6 31.h3 e4 32.Bxe7 Bxe7 33.fxe4 Rxe4 34.Rh8 f3 35.Rc3 f2 36.Rf3+ Rf4
37.Rxh7+ Kg6 38.Rxf2 Rxf2 39.Rxe7 Rf3 40.Re6+ Kf5 41.Rh6 a5 42.Rh8 Rb3 43.Rf8+ Ke4
44.Rh8 Rb5 45.Ka2 Kf4 46.Rf8+ Kg3 47.Rh8 Kf4 48.Rf8+ Kg3 49.Rh8 Kf4 50.Rf8+  1/2-1/2

[Event "300 Years"]
[Site "St Petersburg RUS"]
[Date "2003.10.23"]
[Round "6"]
[White "Melnikova,Y"]
[Black "Kostin,K"]
[Result "0-1"]
[WhiteElo "2246"]
[BlackElo "2320"]

1.e4 c5 2.Nf3 d6 3.d4 cxd4 4.Nxd4 Nf6 5.Nc3 a6 6.Be3 e5 7.Nb3 Be6 8.f3 Be7
9.Qd2 O-O 10.g4 d5 11.g5 d4 12.gxf6 Bxf6 13.Bf2 Bg5 14.Qd3 dxc3 15.Qxc3 Nc6
16.h4 Bf4 17.Bc4 Rc8 18.Rd1 Qf6 19.Bxe6 fxe6 20.Bc5 Bg3+ 21.Ke2 Nd4+ 22.Nxd4 exd4
23.Bxd4 e5 24.Qb3+ Kh8 25.Rhg1 Bf4 26.Bc3 Bh6 27.Rdf1 Qf4 28.Bb4 Rxc2+ 29.Ke1 Qc1+  0-1

[Event "WYb18"]
[Site "Halkidiki GRE"]
[Date "2003.10.24"]
[Round "2"]
[White "Ibarra Jerez,JC"]
[Black "Barbosa,O PHI"]
[Result "1-0"]
[WhiteElo "2413"]
[BlackElo "2293"]

1.e4 c5 2.Nf3 d6 3.d4 cxd4 4.Nxd4 Nf6 5.Nc3 a6 6.Be3 e5 7.Nf3 Be7 8.Bc4 O-O
9.O-O Be6 10.Bb3 Nc6 11.h3 Na5 12.Bg5 Nxb3 13.axb3 Rc8 14.Qd3 Qc7 15.Rfd1 Rfd8
16.Bxf6 Bxf6 17.Nd2 Bg5 18.Nf1 Qc5 19.Qg3 Bh6 20.Nh2 Rc6 21.Ng4 Bg5 22.Rd3 h5
23.Ne3 Bxe3 24.Rxe3 f6 25.Rd1 Rcc8 26.Qg6 Bf7 27.Qf5 Qc7 28.Red3 Rb8 29.Rg3 Kh8
30.Rgd3 Kg8 31.g4 hxg4 32.hxg4 Qe7 33.Rh3 Qe6 34.Qh7+ Kf8 35.Rdd3 Bg8 36.Qh4 Qe7
37.Rhf3 Ke8 38.b4 Rbc8 39.g5 fxg5 40.Qh5+ Kd7 41.Rg3 Rf8 42.Qxg5 Rxf2 43.Qd2 Rf6
44.Na4 Ke8 45.b3 b5 46.Nc3 Rh6 47.Rdf3 Qh4 48.Kf1 Rh7 49.Qxd6 Qe7 50.Qxa6 Rb8
51.Qc6+  1-0

[Event "300 Years"]
[Site "St Petersburg RUS"]
[Date "2003.10.24"]
[Round "7"]
[White "Savchenko,B"]
[Black "Averjanov,A"]
[Result "1-0"]
[WhiteElo "2488"]
[BlackElo "2398"]

1.e4 c5 2.Nf3 d6 3.d4 cxd4 4.Nxd4 Nf6 5.Nc3 a6 6.Be3 e5 7.Nb3 Be6 8.Qd2 Nbd7
9.f3 b5 10.g4 Nb6 11.g5 Nfd7 12.Nd5 Bxd5 13.exd5 Rc8 14.Na5 Qc7 15.c4 bxc4
16.Rc1 Be7 17.Bxc4 Nxc4 18.Rxc4 Qb8 19.Nc6 Qa8 20.O-O Bd8 21.Rfc1 O-O 22.Qb4 Nc5
23.Qc3 Kh8 24.Bxc5 dxc5 25.Qxe5 Bc7 26.Qf5 Bd8 27.Rh4 g6 28.Qe5+ f6 29.Qd6 Rf7
30.Qe6 Rf8 31.Nxd8 Rcxd8 32.Qe7 h5 33.Rxh5+ gxh5 34.g6  1-0

[Event "300 Years"]
[Site "St Petersburg RUS"]
[Date "2003.10.25"]
[Round "8"]
[White "Doukhine,I"]
[Black "Elfert,A"]
[Result "1-0"]
[WhiteElo "2315"]
[BlackElo "2161"]

1.e4 c5 2.Nf3 d6 3.d4 cxd4 4.Nxd4 Nf6 5.Nc3 a6 6.Be3 Ng4 7.Bg5 h6 8.Bh4 g5
9.Bg3 Bg7 10.Be2 h5 11.h4 Qb6 12.Nb3 Qb4 13.hxg5 Nc6 14.Qd2 Be6 15.f3 Nge5
16.a3 Qb6 17.Bf2 Qc7 18.Nd5 Bxd5 19.exd5 Nb8 20.Bd4 f6 21.f4 Ng4 22.Bxg4 hxg4
23.Rxh8+ Bxh8 24.gxf6 exf6 25.O-O-O Nd7 26.Qe2+ Kf8 27.Qxg4 Rc8 28.Bc3 Bg7
29.Nd4 Nc5 30.Re1 f5 31.Qxf5+ Kg8 32.Kb1 b5 33.Ne6 Nxe6 34.Rxe6 Bxc3 35.bxc3  1-0

[Event "LXVIII ch-ESP Abierto"]
[Site "Burgos ESP"]
[Date "2003.10.26"]
[Round "3"]
[White "Perez Candelario,Man"]
[Black "Lopez Gracia,F"]
[Result "1-0"]
[WhiteElo "2463"]
[BlackElo "2360"]

1.e4 c5 2.Nf3 d6 3.d4 Nf6 4.Nc3 cxd4 5.Nxd4 a6 6.Be3 e5 7.Nf3 Be7 8.Bc4 O-O
9.O-O Qc7 10.Qe2 Nbd7 11.a4 Nc5 12.Nd2 Be6 13.a5 Rac8 14.Nd5 Nxd5 15.exd5 Bf5
16.b4 Nd7 17.Bb3 Qc3 18.b5 Bxc2 19.Bxc2 Qxc2 20.bxa6 bxa6 21.Qxa6 Nf6 22.Qb7 Rc7
23.Qb5 Ng4 24.Bb6 Rc3 25.Rfd1 Bd8 26.a6 Bxb6 27.Qxb6 Nf6 28.Nf1 Rcc8 29.Qxd6 Qxf2+
30.Kxf2 Ne4+ 31.Ke2 Nxd6 32.Rdb1 Ra8 33.Ne3 Rfd8 34.a7 Kf8 35.Ra6 Ke7 36.Rbb6 g6
37.Ng4 Nc4 38.Rb7+ Rd7 39.Rxd7+ Kxd7 40.Kd3 Nd6 41.Nxe5+ Kc7 42.Rc6+  1-0